000 00415nam a22001097a 4500
008 230605b xxu||||| |||| 00| 0 eng d
082 _a331.87
_bROK
245 _aInternational Labour Organization
_bProposed action by the Republic of Kenya on certain Conventions and Recommendations adopted by the International Labour Conference
260 _aNairobi
_bGovernment of Kenya
_c1989
300 _a150 pages
942 _2ddc
_cBK
999 _c378
_d378